000 00924nam a2200169 4500
999 _c3604
_d3604
020 _a9788176113793
050 _aHG4028
_b.C4
100 _a Narain Prashad Agarwal;
245 _aCapital budgeting
_c Narain Prashad Agarwal; B K Mishra
260 _a Jaipur
_bRBSA Publishers
_c 2007
300 _a1-404pgs
505 _a1. Introduction 1-18 2. Capital project formulation 19-74 3. Capital budgeting under the condition of certainty 75-152 4. Capital budgeting under the conditions of risk and uncertainty 153-210 5. Network Techniques in capital budgeting 211-260 6. Capital budgeting finance 261-287 7. Capital budgeting and social cost benefit analysis 288-341 8. Capital budgeting and project management system 342-350 9. Implementation and control of capital projects 351-404
650 _a Capital budget.
650 _aCapital budget --
700 _a B K Mishra
942 _cBK